MARC details
| 000 -LEADER |
| fixed length control field |
02513nam a2200421Ka 4500 |
| 001 - CONTROL NUMBER |
| control field |
bslw06297917 |
| 003 - CONTROL NUMBER IDENTIFIER |
| control field |
UtOrBLW |
| 005 - DATE AND TIME OF LATEST TRANSACTION |
| control field |
20210303085428.0 |
| 006 - FIXED-LENGTH DATA ELEMENTS--ADDITIONAL MATERIAL CHARACTERISTICS |
| fixed length control field |
m d |
| 007 - PHYSICAL DESCRIPTION FIXED FIELD--GENERAL INFORMATION |
| fixed length control field |
cr un||||||||| |
| 008 - FIXED-LENGTH DATA ELEMENTS--GENERAL INFORMATION |
| fixed length control field |
101115s2000 enk o 000 0 eng d |
| 020 ## - INTERNATIONAL STANDARD BOOK NUMBER |
| International Standard Book Number |
9781849500395 (electronic bk.) : |
| Terms of availability |
£59.95 ; €88.95 ; $107.95 |
| 040 ## - CATALOGING SOURCE |
| Original cataloging agency |
UtOrBLW |
| Transcribing agency |
UtOrBLW |
| 050 #4 - LIBRARY OF CONGRESS CALL NUMBER |
| Classification number |
HD1415 |
| Item number |
.N49 2000 |
| 072 #7 - SUBJECT CATEGORY CODE |
| Subject category code |
TVB |
| Source |
bicssc |
| 072 #7 - SUBJECT CATEGORY CODE |
| Subject category code |
COU |
| Source |
bicssc |
| 072 #7 - SUBJECT CATEGORY CODE |
| Subject category code |
BUS069000 |
| Source |
bisacsh |
| 072 #7 - SUBJECT CATEGORY CODE |
| Subject category code |
SCI026000 |
| Source |
bisacsh |
| 080 ## - UNIVERSAL DECIMAL CLASSIFICATION NUMBER |
| Universal Decimal Classification number |
338.43 |
| 082 04 - DEWEY DECIMAL CLASSIFICATION NUMBER |
| Classification number |
338.1 |
| Edition number |
22 |
| 245 00 - TITLE STATEMENT |
| Title |
New frontiers in agricultural history. |
| Number of part/section of a work |
Vol. 1 |
| Medium |
[electronic resource] / |
| Statement of responsibility, etc. |
edited by Kyle D. Kauffman. |
| 260 ## - PUBLICATION, DISTRIBUTION, ETC. |
| Place of publication, distribution, etc. |
Bingley, U.K. : |
| Name of publisher, distributor, etc. |
Emerald, |
| Date of publication, distribution, etc. |
2000. |
| 300 ## - PHYSICAL DESCRIPTION |
| Extent |
1 online resource (xiv, 252 p.). |
| 490 1# - SERIES STATEMENT |
| Series statement |
Advances in agricultural economic history, |
| International Standard Serial Number |
1569-4933 |
| 505 0# - FORMATTED CONTENTS NOTE |
| Formatted contents note |
Hours at work and total factor productivity growth in nineteenth-century U.S. agriculture / Lee A. Craig, Thomas Weiss -- Factor endowments and contract choice / Alan Dye -- Moral hazard and asset specificity in the Renaissance : the economics of sharecropping in 1427 Florence / Francesco L. Galassi -- Squatting and the settlement of the United States : new evidence from post-gold rush California / Karen Clay, Werner Troesken -- The social prologue to the civil rights movement / Jay R. Mandle -- Migration, labor market dynamics, and wage differentials in Hawaii's sugar industry, 1901-1915 / Sumner J. La Croix, Price Fishback -- Did the black-white income gap close during the late nineteenth century? / Anthony Patrick O'Brien -- Cooperation and cooperatives in Southern European wine production / James Simpson. |
| 520 ## - SUMMARY, ETC. |
| Summary, etc. |
This first volume in the series Advances in Agricultural Economic History, includes articles on the topics of Italian sharecropping, agricultural wage discrimination, factor endowment and contract choice, as well as new total factor productivity measures for the United States. |
| 588 0# - SOURCE OF DESCRIPTION NOTE |
| Source of description note |
Print version record |
| 650 #7 - SUBJECT ADDED ENTRY--TOPICAL TERM |
| Topical term or geographic name entry element |
Business & Economics |
| General subdivision |
Economics |
| -- |
General. |
| Source of heading or term |
bisacsh |
| 650 #7 - SUBJECT ADDED ENTRY--TOPICAL TERM |
| Topical term or geographic name entry element |
Science |
| General subdivision |
Environmental Science. |
| Source of heading or term |
bisacsh |
| 650 #7 - SUBJECT ADDED ENTRY--TOPICAL TERM |
| Topical term or geographic name entry element |
Agricultural science. |
| Source of heading or term |
bicssc |
| 650 #0 - SUBJECT ADDED ENTRY--TOPICAL TERM |
| Topical term or geographic name entry element |
Agriculture |
| General subdivision |
Economic aspects. |
| 650 #0 - SUBJECT ADDED ENTRY--TOPICAL TERM |
| Topical term or geographic name entry element |
Agriculture |
| General subdivision |
History. |
| 700 1# - ADDED ENTRY--PERSONAL NAME |
| Personal name |
Kauffman, Kyle Dean. |
| 776 1# - ADDITIONAL PHYSICAL FORM ENTRY |
| International Standard Book Number |
9780762306121 |
| 830 #0 - SERIES ADDED ENTRY--UNIFORM TITLE |
| Uniform title |
Advances in agricultural economic history. |
| 856 40 - ELECTRONIC LOCATION AND ACCESS |
| Uniform Resource Identifier |
<a href="https://www.emerald.com/insight/publication/doi/10.1016/S1569-4933(2000)1">https://www.emerald.com/insight/publication/doi/10.1016/S1569-4933(2000)1</a> |
| 913 ## - |
| -- |
BMEbacklist |